MARC details
| 000 -LÍDER |
| campo de controle de tamanho fixo |
01444nam a2200313 4500 |
| 001 - NÚMERO DE CONTROLE |
| campo de controle |
34 |
| 003 - IDENTIFICADOR DO NÚMERO DE CONTROLE |
| campo de controle |
OSt |
| 005 - DATA E HORÁRIO DA ÚLTIMA TRANSAÇÃO |
| campo de controle |
20250528074010.0 |
| 008 - CAMPO DE DADOS FIXOS--INFORMAÇÃO GERAL |
| campo de controle de tamanho fixo |
250121b |||||||g |||| 00| 1 eng d |
| 020 ## - ISBN - INTERNATIONAL STANDARD BOOK NUMBER |
| ISBN - International Standard Book Number |
8527902176 |
| 040 ## - FONTE DA CATALOGAÇÃO |
| Idioma da catalogação |
por |
| 041 ## - CÓDIGO DE IDIOMA |
| Código do idioma do original e/ou traduções intermediárias do texto |
eng |
| Código do idioma do texto/trilha sonora ou título diferente |
por |
| 082 ## - CDD - CLASSIFICAÇÃO DECIMAL DE DEWEY |
| Número de Classificação |
813 |
| Número do exemplar |
A887n |
| 100 1# - ENTRADA PRINCIPAL--NOME PESSOAL |
| Nome pessoal |
Atwood, Margaret, |
| Datas associadas ao nome |
1939- |
| 9 (RLIN) |
95 |
| 240 ## - TÍTULO UNIFORME |
| Título uniforme |
The robber bride |
| 245 ## - TÍTULO |
| Título |
A noiva Ladra / |
| Indicação de responsabilidade, etc. |
Atwood, Margeret ; Tradução de M. J. Silveira |
| 260 ## - PUBLICAÇÃO, DISTRIBUIÇÃO, ETC. |
| Local de publicação, distribuição, etc. |
São Paulo |
| Nome do editor, distribuidor, etc. |
Marco Zero |
| Data da publicação, distribuição, etc. |
1995 |
| 300 ## - DESCRIÇÃO FÍSICA |
| Extensão |
478 p. |
| 520 ## - NOTA DE RESUMO, ETC. |
| Resumo, etc. |
Neste clássico da aclamada escritora canadense Margaret Atwood, três amigas de longa data cumprem o ritual de se reunirem mensalmente no sugestivo restaurante Toxique quando são surpreendidas por uma desagradável descoberta: Zenia, que afetou profundamente a vida de Tony, Charis e Roz, está viva, e observando o trio com uma voracidade aterradora. Ao saberem que ela está hospedada num hotel local, cada uma das personagens segue em busca de explicações; das quatro mulheres, uma não sairá viva de l á. A noiva ladra desafia o leitor a descobrir os mistérios por trás das múltiplas identidades e das ações de Zenia. |
| 650 #0 - ASSUNTO--TERMO TÓPICO |
| Cabeçalho tópico ou nome geográfico |
Literatura Canadense |
| 9 (RLIN) |
96 |
| 650 #0 - ASSUNTO--TERMO TÓPICO |
| Cabeçalho tópico ou nome geográfico |
Vingança |
| 9 (RLIN) |
97 |
| 650 #0 - ASSUNTO--TERMO TÓPICO |
| Cabeçalho tópico ou nome geográfico |
Emponderamento |
| 9 (RLIN) |
32 |
| 650 #0 - ASSUNTO--TERMO TÓPICO |
| Cabeçalho tópico ou nome geográfico |
Mistério |
| 9 (RLIN) |
42 |
| 650 #0 - ASSUNTO--TERMO TÓPICO |
| Cabeçalho tópico ou nome geográfico |
Grandes Amizades |
| 9 (RLIN) |
28 |
| 655 #0 - TERMO DE ÍNDICE--GÊNERO E FORMA |
| Gênero/forma/ou termo foco |
Romance |
| 655 #0 - TERMO DE ÍNDICE--GÊNERO E FORMA |
| Gênero/forma/ou termo foco |
Ficção |
| 700 ## - ENTRADA ADICIONADA - NOME PESSOAL |
| Nome pessoal |
M. J. Silveira |
| Função do autor por extenso |
Tradutor |
| 9 (RLIN) |
98 |
| 942 ## - ELEMENTOS DE ENTRADA ADICIONADOS (KOHA) |
| Fonte de classificação ou esquema de arquivamento |
Classificação decimal de Dewey |
| Ocultar no OPAC |
Não |
| Tipo de material Koha |
Livros |